Southville International School and Colleges
Your cart is empty.
  • Cart
  • Lists
    Public lists Eva Luna New books Lux_list list_1
    Your lists Log in to create your own lists
  • Log in to your account
  • Your cookies
  • Search history
Southville International School and Colleges
  • Advanced search
  • Recent comments
  • Most popular
  • Libraries

Log in to your account

Log in with GOOGLE


If you do not have an external account, but do have a local account, you can still log in:

  1. Home
  2. MARC view: Traffic :
Normal view MARC view ISBD view

Traffic : (Record no. 96224)

[ view plain ]
MARC details
000 -LEADER
fixed length control field 00740nam a2200193 a 4500
003 - CONTROL NUMBER IDENTIFIER
control field 0
005 - DATE AND TIME OF LATEST TRANSACTION
control field 20250625105422.0
008 - FIXED-LENGTH DATA ELEMENTS--GENERAL INFORMATION
fixed length control field 030604s19uu xx 00 eng d
050 ## - LIBRARY OF CONGRESS CALL NUMBER
Classification number PHS HE 562
Item number .C87 1998
100 ## - MAIN ENTRY--PERSONAL NAME
Personal name Custodio, Angelo C.
245 ## - TITLE STATEMENT
Title Traffic :
Remainder of title effects on commuters and motorists with in the municipality of Parañaque /
Statement of responsibility, etc Angelo C. Custodio.
260 ## - PUBLICATION, DISTRIBUTION, ETC. (IMPRINT)
Place of publication, distribution, etc Las Piñas City, Philippines :
Name of publisher, distributor, etc Southville International School and Colleges,
Date of publication, distribution, etc 1998.
300 ## - PHYSICAL DESCRIPTION
Extent unnumbered pages ;
Dimensions 29 cm.
650 ## - SUBJECT ADDED ENTRY--TOPICAL TERM
Topical term or geographic name as entry element Traffic
General subdivision Social aspects.
650 ## - SUBJECT ADDED ENTRY--TOPICAL TERM
Topical term or geographic name as entry element Traffic
General subdivision Environmental aspects.
650 ## - SUBJECT ADDED ENTRY--TOPICAL TERM
Topical term or geographic name as entry element Commuting
Geographic subdivision Philippines
-- Metro Manila
-- Parañaque.
650 ## - SUBJECT ADDED ENTRY--TOPICAL TERM
Topical term or geographic name as entry element Motorists
Geographic subdivision Philippines
-- Metro Manila
-- Parañaque.
942 ## - ADDED ENTRY ELEMENTS (KOHA)
Source of classification or shelving scheme Library of Congress Classification
Koha item type PASS
Holdings
Withdrawn status Lost status Source of classification or shelving scheme Damaged status Home library Current library Shelving location Date acquired Source of acquisition Total Checkouts Full call number Barcode Date last seen Price effective from Koha item type
    Library of Congress Classification   Luxembourg Library Luxembourg Library Portfolio Assessment of SISC Students Section 06/04/2003 Donation   PHS HE 562 .C87 1998 P0152 04/08/2014 04/08/2014 PASS

Traffic :

APA

Custodio A. C., . (1998). Traffic. Las Piñas City, Philippines: Southville International School and Colleges.

Chicago

Custodio Angelo C, . 1998. Traffic. Las Piñas City, Philippines: Southville International School and Colleges.

Harvard

Custodio A. C., . (1998). Traffic. Las Piñas City, Philippines: Southville International School and Colleges.

MLA

Custodio Angelo C, . Traffic. Las Piñas City, Philippines: Southville International School and Colleges. 1998.

  • Print
  • Cite
  • Add to your cart (remove)
  • Save record
    BIBTEX Dublin Core MARCXML MARC (non-Unicode/MARC-8) MARC (Unicode/UTF-8) MARC (Unicode/UTF-8, Standard) MODS (XML) RIS
  • More searches
    Search for this title in:
    Other Libraries (WorldCat) Other Databases (Google Scholar) Online Stores (Bookfinder.com) Open Library (openlibrary.org)

Exporting to Dublin Core...

SOUTHVILLE LIBRARY

Southville International School and Colleges Library

1281 Tropical Ave. Cor. Luxembourg St., BF Homes International, Las Pinas City

Tel. No. 8256374 / 252358 Loc. 117/146

Powered by Koha